Metafísica del amor. Metafísica de la muerte
Guardat en:
| Autor principal: | |
|---|---|
| Format: | Llibre |
| Idioma: | anglès |
| Publicat: |
Barcelona, España:
Folio,
2007
|
| Col·lecció: | Grandes Ideas
|
| Matèries: | |
| Etiquetes: |
Afegir etiqueta
Sense etiquetes, Sigues el primer a etiquetar aquest registre!
|
MARC
| LEADER | 00000nam a22000007a 4500 | ||
|---|---|---|---|
| 003 | CL-VaPUC | ||
| 005 | 20230809092642.0 | ||
| 008 | 220422b2007 ||||| |||| 00| 0 eng d | ||
| 999 | |c 435480 |d 435478 | ||
| 020 | |a 84-413-2196-5 | ||
| 040 | |c Pontificia Universidad Católica de Valparaíso | ||
| 082 | 0 | 4 | |2 22 |a 110 SCH 2007 |
| 100 | |a Schopenhauer, Arthur |e autor |d 1788-1860 |9 867193 | ||
| 245 | 1 | 0 | |a Metafísica del amor. |b Metafísica de la muerte |
| 246 | |a Die Welt als Wille und Vorstellung | ||
| 260 | |a Barcelona, España: |b Folio, |c 2007 | ||
| 300 | |a 61 páginas | ||
| 490 | 0 | |a Grandes Ideas | |
| 500 | |a C1. Donación Facultad de Teología, libro pertenciente a la Profesora Eugenia Colomer (Q.E.P.D). Correo en papel 01/04/2022 | ||
| 583 | |c 20220422 |k Catalogador Asistente | ||
| 650 | 1 | |a Amor |x Metafísica |9 871393 | |
| 650 | 1 | |a Muerte |x Metafísica |9 871394 | |
| 650 | 1 | |a Filosofía alemana |9 871395 |x Metafísica | |
| 942 | |2 ddc |c BK | ||
| 952 | |0 0 |1 0 |2 ddc |4 0 |6 110_000000000000000_SCH_2007 |7 0 |8 A |9 582750 |a BIBTEO |b BIBTEO |c GEN |d 2022-04-22 |e Donación |i 5650910 |l 2 |o 110 SCH 2007 |p 5650910 |q 2025-05-16 |r 2025-05-09 |s 2025-05-09 |t 1 |w 2022-04-22 |y BK |k ICR | ||